Applied Electricity 2 (Record no. 194235)
[ view plain ]
| 000 -LEADER | |
|---|---|
| fixed length control field | 00739 a2200145 4500 |
| 003 - CONTROL NUMBER IDENTIFIER | |
| control field | Nust |
| 005 - DATE AND TIME OF LATEST TRANSACTION | |
| control field | 20221026144253.0 |
| 040 ## - CATALOGING SOURCE | |
| Transcribing agency | Nust |
| 082 ## - DEWEY DECIMAL CLASSIFICATION NUMBER | |
| Classification number | 621.31,APP |
| 245 ## - TITLE STATEMENT | |
| Title | Applied Electricity 2 |
| 260 ## - PUBLICATION, DISTRIBUTION, ETC. | |
| Place of publication, distribution, etc. | Melbourne |
| Name of publisher, distributor, etc. | engineering training section,post master general department |
| 490 ## - SERIES STATEMENT | |
| Series statement | course of technical instruction |
| 505 ## - FORMATTED CONTENTS NOTE | |
| Formatted contents note | Introduction (Page-1), Alternating Currents in telecommunication (Page-2), Trigonometry and Right (Page-4), Values Of alternating current and voltage (Page-10), Phase (Page-11), Resistance in A.C. Circuits (Page-12), Inducate in A.C .Circuits (Page-13), Capcatines in A.C. Circuits (Page-17), Addition of out of Phase Voltage or Currents (Page-21), Test Questions (Page-24). |
| 942 ## - ADDED ENTRY ELEMENTS (KOHA) | |
| Source of classification or shelving scheme | |
| Koha item type | Book |
| Withdrawn status | Lost status | Source of classification or shelving scheme | Damaged status | Not for loan | Permanent Location | Current Location | Shelving location | Date acquired | Full call number | Barcode | Date last seen | Price effective from | Koha item type | Public note |
|---|---|---|---|---|---|---|---|---|---|---|---|---|---|---|
| Military College of Signals (MCS) | Military College of Signals (MCS) | General Stacks | 12/12/2016 | 621.31,APP | MCS5826 | 12/08/2016 | 12/12/2016 | Book | Almirah No.28, Shelf No.5 |
